000 00422nam a2200145Ia 4500
008 100204s9999 xx 000 0 und d
082 _b251
100 _aमंत्री रमेश
245 _aचोरवाटा
260 _b"उत्कर्ष प्रकाशन, पुणे"
_c"1977,2"
300 _a121
630 _aचोरवाटा
730 _aचोरवाटा
942 _cBOOK
999 _c445446
_d445443